<?xml version="1.0" encoding="UTF-8"?>
<record
    xmlns:xsi="http://www.w3.org/2001/XMLSchema-instance"
    xsi:schemaLocation="http://www.loc.gov/MARC21/slim http://www.loc.gov/standards/marcxml/schema/MARC21slim.xsd"
    xmlns="http://www.loc.gov/MARC21/slim">

  <leader>01669cgm a22003977a 4500</leader>
  <controlfield tag="007">vc cgaizm</controlfield>
  <controlfield tag="008">140213t1992    xxu108 e ||||  0| vleng d</controlfield>
  <datafield tag="020" ind1=" " ind2=" ">
    <subfield code="a">7321900126199</subfield>
  </datafield>
  <datafield tag="041" ind1="1" ind2=" ">
    <subfield code="a">eng</subfield>
    <subfield code="a">fri</subfield>
  </datafield>
  <datafield tag="043" ind1=" " ind2=" ">
    <subfield code="a">n-us---</subfield>
  </datafield>
  <datafield tag="082" ind1="0" ind2="4">
    <subfield code="2">22</subfield>
    <subfield code="a">791.4372</subfield>
    <subfield code="b">LAS</subfield>
  </datafield>
  <datafield tag="245" ind1="0" ind2="4">
    <subfield code="a">The Last of the Mohicans</subfield>
    <subfield code="h">[videorecording] /</subfield>
    <subfield code="c">Morgan Creek International ; produced by Michael Mann ; based on the novel James Fenimore Cooper ; directed by Michael Mann.</subfield>
  </datafield>
  <datafield tag="250" ind1=" " ind2=" ">
    <subfield code="a">2.35 : 1 Widescreen.</subfield>
  </datafield>
  <datafield tag="260" ind1=" " ind2=" ">
    <subfield code="a">[California, United States] :</subfield>
    <subfield code="b">Morgan Creek International, Inc. :</subfield>
    <subfield code="b">20th Century Fox Home Entertainment,</subfield>
    <subfield code="c">c.1992.</subfield>
  </datafield>
  <datafield tag="300" ind1=" " ind2=" ">
    <subfield code="a">1 videodisc (108 min.) :</subfield>
    <subfield code="b">sd., col. ;</subfield>
    <subfield code="c">4 3/4 in.</subfield>
  </datafield>
  <datafield tag="508" ind1=" " ind2=" ">
    <subfield code="a">Music by Trevor Jones, Randy Edelman ; editors Dov Hoenig, 
Arthur Schmidt ; director of photography Dante Spinotti.</subfield>
  </datafield>
  <datafield tag="511" ind1=" " ind2=" ">
    <subfield code="a">Daniel Day-Lewis, Madeleine Stowe, Jodhi May.</subfield>
  </datafield>
  <datafield tag="521" ind1=" " ind2=" ">
    <subfield code="a">Suitable only for persons of 15 years and over.</subfield>
  </datafield>
  <datafield tag="546" ind1=" " ind2=" ">
    <subfield code="a">In English and French Language.</subfield>
  </datafield>
  <datafield tag="650" ind1=" " ind2="0">
    <subfield code="9">35184</subfield>
    <subfield code="a">Film adaptations</subfield>
  </datafield>
  <datafield tag="650" ind1=" " ind2="0">
    <subfield code="9">30844</subfield>
    <subfield code="a">Feature films</subfield>
  </datafield>
  <datafield tag="651" ind1=" " ind2="0">
    <subfield code="9">35185</subfield>
    <subfield code="a">United States</subfield>
    <subfield code="x">History</subfield>
    <subfield code="y">French and Indian War, 1755-1763</subfield>
    <subfield code="v">Drama</subfield>
  </datafield>
  <datafield tag="653" ind1=" " ind2=" ">
    <subfield code="b">GGEN</subfield>
    <subfield code="c">February2014</subfield>
  </datafield>
  <datafield tag="700" ind1="1" ind2=" ">
    <subfield code="9">35186</subfield>
    <subfield code="a">Day-Lewis, Daniel</subfield>
  </datafield>
  <datafield tag="700" ind1="1" ind2=" ">
    <subfield code="9">35187</subfield>
    <subfield code="a">Stowe, Madeleine</subfield>
  </datafield>
  <datafield tag="700" ind1="1" ind2=" ">
    <subfield code="9">35188</subfield>
    <subfield code="a">May, Jodhi, </subfield>
    <subfield code="d">1975-</subfield>
  </datafield>
  <datafield tag="700" ind1="1" ind2=" ">
    <subfield code="9">35189</subfield>
    <subfield code="a">Jones, Trevor</subfield>
  </datafield>
  <datafield tag="700" ind1="1" ind2=" ">
    <subfield code="9">35190</subfield>
    <subfield code="a">Edelman, Randy</subfield>
  </datafield>
  <datafield tag="700" ind1="1" ind2=" ">
    <subfield code="9">35191</subfield>
    <subfield code="a">Hoenig, Dov</subfield>
  </datafield>
  <datafield tag="700" ind1="1" ind2=" ">
    <subfield code="9">35192</subfield>
    <subfield code="a">Schmidt, Arthur</subfield>
  </datafield>
  <datafield tag="700" ind1="1" ind2=" ">
    <subfield code="9">35193</subfield>
    <subfield code="a">Spinotti, Dante</subfield>
  </datafield>
  <datafield tag="700" ind1="1" ind2=" ">
    <subfield code="9">35194</subfield>
    <subfield code="a">Mann, Michael</subfield>
    <subfield code="d">1943-</subfield>
  </datafield>
  <datafield tag="700" ind1="1" ind2=" ">
    <subfield code="9">35195</subfield>
    <subfield code="a">Cooper, James Fenimore,</subfield>
    <subfield code="d">1789-1851</subfield>
  </datafield>
  <datafield tag="710" ind1="2" ind2=" ">
    <subfield code="9">35196</subfield>
    <subfield code="a">Morgan Creek Productions</subfield>
  </datafield>
  <datafield tag="942" ind1=" " ind2=" ">
    <subfield code="2">ddc</subfield>
    <subfield code="c">DVD</subfield>
    <subfield code="k">791.4372 LAS</subfield>
  </datafield>
  <datafield tag="999" ind1=" " ind2=" ">
    <subfield code="c">18065</subfield>
    <subfield code="d">18037</subfield>
  </datafield>
  <datafield tag="952" ind1=" " ind2=" ">
    <subfield code="0">0</subfield>
    <subfield code="1">0</subfield>
    <subfield code="2">ddc</subfield>
    <subfield code="4">0</subfield>
    <subfield code="7">0</subfield>
    <subfield code="8">Baccah</subfield>
    <subfield code="a">MAIN</subfield>
    <subfield code="b">MAIN</subfield>
    <subfield code="c">2ND</subfield>
    <subfield code="d">2014-02-13</subfield>
    <subfield code="e">Purchase</subfield>
    <subfield code="l">0</subfield>
    <subfield code="o">791.4372 LAS</subfield>
    <subfield code="p">000035632</subfield>
    <subfield code="r">2022-08-24 00:00:00</subfield>
    <subfield code="y">CDVDMOV</subfield>
  </datafield>
</record>
